Name a Capital on Each Continent A-Z - Statistics

General Stats
  • This quiz has been taken 91 times
  • The average score is 74 of 84
Answer Stats
Letter Continent Answer % Correct
B Europe Belgrade / Berlin / Bern / Bratislava / Brussels / Bucharest / Budapest
100%
A Europe Amsterdam / Andorra la Vella / Athens
99%
L Europe Lisbon / Ljubljana / London / Luxembourg
99%
M Europe Madrid / Minsk / Monaco / Moscow
99%
P Europe Paris / Podgorica / Prague / Pristina
99%
S Europe San Marino / Sarajevo / Skopje / Sofia / Stockholm
99%
A Asia Abu Dhabi / Amman / Ankara / Ashgabat / Astana
97%
B Asia Baghdad / Baku / Bandar Seri Begawan / Bangkok / Beijing / Beirut / Bishkek
97%
B South America Bogotá / Brasília / Buenos Aires
97%
C Africa Cairo / Cape Town / Conakry / Cotonou
97%
O Europe Oslo
97%
O North America Ottawa
97%
A Africa Abuja / Accra / Addis Ababa / Algiers / Antananarivo / Asmara
96%
C Oceania Canberra
96%
H Europe Helsinki
96%
M North America Managua / Mexico City
96%
S Asia Sana'a / Seoul / Singapore / Sri Jayawardenepura Kotte
96%
V Europe Vaduz / Valletta / Vatican City / Vienna / Vilnius
96%
Z Europe Zagreb
96%
C Europe Chișinău / Copenhagen
95%
L South America La Paz / Lima
95%
P North America Panama City / Port-au-Prince / Port-of-Spain
95%
Q South America Quito
95%
T Asia Taipei / Tashkent / Tbilisi / Tehran / Thimphu / Tokyo
95%
W Europe Warsaw
95%
W Oceania Wellington
95%
D Africa Dakar / Djibouti / Dodoma
93%
D Asia Damascus / Dhaka / Dili / Doha / Dushanbe
93%
J Asia Jakarta / Jerusalem
93%
R Europe Reykjavik / Riga / Rome
93%
W North America Washington D.C.
93%
C South America Caracas
92%
I Asia Islamabad
92%
M Asia Malé / Manama / Manila / Muscat
92%
N Africa Nairobi / N'Djamena / Niamey / Nouakchott
92%
S North America Saint George's / Saint John's / San Jose / San Salvador / Santo Domingo
92%
T Europe Tallinn / Tirana
92%
U Asia Ulaanbaatar
92%
D Europe Dublin
91%
G South America Georgetown
91%
K Asia Kabul / Kathmandu / Kuala Lumpur / Kuwait City
91%
K Africa Kampala / Khartoum / Kigali / Kinshasa
91%
K North America Kingston / Kingstown
91%
S South America Santiago / Sucre
91%
B Africa Bamako / Bangui / Banjul / Bissau / Bloemfontein / Brazzaville
89%
K Europe Kyiv
89%
M Africa Malabo / Maputo / Maseru / Mbabane / Mogadishu / Monrovia / Moroni
89%
M South America Montevideo
89%
T Africa Tripoli / Tunis
89%
A South America Asunción
88%
B North America Basseterre / Belmopan / Bridgetown
88%
L Africa Libreville / Lilongwe / Lome / Luanda / Lusaka
88%
N Asia Naypyidaw / New Delhi / Nicosia
88%
P Asia Phnom Penh / Pyongyang
88%
P Africa Port Louis / Porto-Novo / Praia / Pretoria
88%
G North America Guatemala City
86%
H Asia Hanoi
86%
Y Asia Yerevan
86%
H North America Havana
85%
P Oceania Palikir / Port Moresby / Port Vila
85%
F Africa Freetown
84%
P South America Paramaribo
84%
S Oceania South Tarawa / Suva
84%
Y Africa Yamoussoukro / Yaoundé
84%
H Africa Harare
82%
R Asia Riyadh
82%
F Oceania Funafuti
81%
G Africa Gaborone / Gitega
81%
R Africa Rabat
81%
W Africa Windhoek
81%
A Oceania Apia
80%
J Africa Juba
78%
V Asia Vientiane
78%
N North America Nassau
77%
T North America Tegucigalpa
76%
H Oceania Honiara
73%
O Africa Ouagadougou
73%
R North America Roseau
73%
S Africa São Tomé
73%
V Africa Victoria
73%
Y Oceania Yaren
73%
C North America Castries
72%
N Oceania Ngerulmud / Nuku'alofa
70%
M Oceania Majuro
62%
No matching quizzes found
Score Distribution
Percent of People with Each Score
Percentile by Number Answered
Your Score History
You have not taken this quiz